00779 2200253 4500001002100000005001500021035002000036007000300056008004100059020002200100082001100122084001700133100003000150245010500180250001000285300003800295650001800333700004200351264004600393336002100439337003000460338002300490990001200513INLIS00000000000044520250729094113 a0010-0725000017ta250729 0 ind  a978-623-164-051-2 a155.25 a155.25 KIK s0 aKiki WidayantiePengarang1 aSampai Kapan Mau Meratapi Kegagalan? :bMemangsakit, tapi mari kita hadapi bersama /cKiki Widayanti acet 1 axiv, 274 halaman :bilus ;c19 cm 4aMotivasi Diri0 aJemima Jannah Darla PutriePenyunting aYogyakarta :bAnak Hebat Indonesia,c2023 2rdacontentateks 2rdamediaatanpa perantara 2rdacarrieravolume a25.0374